Political Ideologies By Simple Definitions - Statistics

General Stats
  • This quiz has been taken 226 times
  • The average score is 7 of 10
Answer Stats
Definition Ideology % Correct
A system of government where power is held by the people, either directly or through elected representatives. Democracy
97%
A political and economic system where all property and resources are owned, usually by the state or the community, rather than individuals. (Never works) Communism
88%
A political and economic ideology that advocates for the collective or government ownership and control of the means of production, distribution, and exchange. (Often confused with Communism) Socialism
77%
A far-right, authoritarian political system that emphasizes strong centralized control, nationalism, and militarism. Fascism
74%
A system of government in which religious leaders rule in the name of a deity, and laws are based on religious principles. Theocracy
63%
A political ideology that emphasizes individual rights, freedom, democracy, and equal opportunity. Liberalism
61%
A political ideology that values tradition, stability, and limited government, it emphasizes personal responsibility, free markets, and preserving social and cultural institutions. Conservatism
56%
A political philosophy that opposes all forms of hierarchical authority, including government, and advocates for a society based on voluntary cooperation, mutual aid, and self-governance. Anarchism
55%
A system of government in which a single ruler, usually a king or queen, holds power, often for life and hereditary succession. Monarchism
53%
A political ideology that seeks to promote social, political, and economic reform. It focuses on addressing inequality, expanding civil rights, improving social welfare, and supporting government intervention to solve societal problems. Progressivism
35%
No matching quizzes found
Score Distribution
Percent of People with Each Score
Percentile by Number Answered
Your Score History
You have not taken this quiz